000 00751nam a2200241Ia 4500
005 20240301114735.0
008 131103s9999 xx 000 0 und d
020 _a8171690777
_cRs.240
040 _aLoreto College
041 _aEnglish
082 _a371.2
_bBHA
100 _aBhagia,Nirmal
245 _aEducational Administration in India and Other Developing Countries,
_b
_cNirmal Bhagia, Dora Briggs and Sushma Bhagia
250 _achallenges,tasks and training
260 _aDelhi
_bCommonwealth Publishers
_c1990
300 _avii,229 p.
504 _aIncludes appendix and index
650 _aSchools and their activities
651 _aSchool Administration
700 _aBriggs,Dora,auth.
850 _aLCLIB
942 _cBK
999 _c9071
_d59550